Loading...

Objective agricultural economics

Bibliographic Details
Main Author: Nirmal Ravi Kumar
Format: Printed Book
Published: New Delhi Daya Pub. House 2018
Subjects:
LEADER 00495nam a2200145 4500
020 |a 9789351247487 
082 |a 338.1  |b NIR/O 
100 |a Nirmal Ravi Kumar 
245 |a Objective agricultural economics 
260 |a New Delhi  |b Daya Pub. House  |c 2018 
300 |a 872p 
650 |a production economics  |a agricultrual economics 
942 |c CC 
999 |c 56733  |d 56733 
952 |0 0  |1 0  |4 0  |6 338_100000000000000_NIRO  |7 0  |9 63793  |a KUCL  |c Reference  |d 2019-03-25  |g 695.00  |l 0  |o 338.1 NIR/O  |p 48281  |r 2019-03-25  |w 2019-03-25  |y CC